000
00217 a2200097 4500
001
121074
040
_c
Escola Canadense de Niteroi
245
1
0
_a
Babruxa, o caldeirão e o dragão
650
4
_a
História
942
_c
MATP
999
_c
121074
_d
121074